Analysis on Manifolds

Αποθηκεύτηκε σε:
Λεπτομέρειες βιβλιογραφικής εγγραφής
Κύριος συγγραφέας: Munkres, James R. 1930-
Μορφή: Βιβλίο
Γλώσσα:English
Δημοσίευση: Massachusetts : Addison-Wesley, c1991
Θέματα:
Ετικέτες: Προσθήκη ετικέτας
Δεν υπάρχουν, Καταχωρήστε ετικέτα πρώτοι!

MARC

LEADER 00000nam a2200000 i 4500
001 1/38840
008 950127s1991 eng d
020 |a 0-201-51035-9 
035 |a 1994  |c ΚΩΤΣΑΚΗΣ  |l 10040861 
040 |a GR-MY-UA  |b gre  |e aacr 
041 0 |a eng 
082 0 |a 516.36 
100 1 |a Munkres, James R.  |d 1930- 
245 1 0 |a Analysis on Manifolds /  |c James R. Munkres 
260 |a Massachusetts :   |b Addison-Wesley,   |c c1991 
300 |a 366 p.;  |c 24 cm. 
500 |a Includes bibliographical references and index 
650 0 0 |a Mathematical analysis. 
650 0 0 |a Manifolds (Mathematics) 
852 |a INST  |b SAMOS  |e 19950127  |h 516.36 MUN  |p 005300006018  |q 005300006018  |t BK  |y 0 
909 |a Σ  |b 038692